LEADER 01549nam a2200337 u 4500 001 000000006279 003 CaOOAMICUS 005 20070226104845.0 008 941214s1972 enk u000 u eng u 035 $a10161009 040 $aPUL(R)$bita$dAAR 041 1 $aeng$hlat 110 2 $aPapi (1073-1085 : Gregorius PP. VII).$0(OLS)http://pul/name/6411 240 10$aLettere$9(Gregorius VII, 1021-1085).$lInglese e latino.$1Gruppi, scelte.$0(OLS)http://pul/title/9253 245 14$aThe epistolae vagantes of Pope Gregory VII /$cedited and translated by H.E.J. Cowdrey. 260 $aOxford :$bClarendon press,$c1972. 300 $axxxi, 175 p. ;$c22 cm 490 1 $aOxford medieval texts 500 $aContiene indice. 504 $a"List of printed books and articles, and abbreviations": p. [ix]-xv. 650 0$aChurch history$yMiddle Ages, 600-1500$xSources.$2//eng$0(OLS)http://pul/subject/5367 700 1 $aCowdrey, H. E. J.$q(Herbert Edward John),$d1926-$0(OLS)http://pul/name/6412 830 0$aOxford medieval texts.$0(OLS)http://pul/title/9255 850 $aPUL 852 $aPUL$W1$xSL Filosofia 1$y2$m99 D 59$j8920$nBK-PRI$b $qStampati$B8920$CPULBib$Z2$F8920 $H $81 900 $aGregorius PP.$bVII,$cs.,$dc. 1004-1085$96411 900 $aGregorius PP.$bVII,$cs.,$dc. 1004-1085$96411 941 1 $a8 961 $aINV: 42780 996 $6245$aThe epistolae vagantes of Pope Gregory VII$9(OLS)http://pul/title/9254 996 $6260$aOxford :$bClarendon press$9(OLS)http://pul/publisher/48614 LEADER 01450nam a2200313 u 4500 001 000000046143 003 CaOOAMICUS 005 20070226114736.0 008 990626s1999 it k u000 u ita u 035 $a10828095 040 $aIPA$bita$dBAV$dEFR$dAAR 041 0 $aita$alat 100 1 $aPásztor, Edith,$d1925-$0(OLS)http://pul/name/18371 245 10$aOnus Apostolicae Sedis :$bCuria romana e cardinalato nei secoli XI-XV /$cEdith Pásztor. 260 $aRoma :$bSintesi Informazione,$c1999. 300 $axxiv, 426 p. :$bprosp. ;$c23 cm 504 $aComprende bibliografia. 504 $a"Bibliografia di Edith Pásztor, anni 1955-1997": p. 399-418. 610 10$aCatholic Church.$bCuria romana$xHistory.$2//eng$0(OLS)http://pul/subject/19717 650 4$aChiesa$xStoria$yMedioevo, 600-1500.$0(OLS)http://pul/subject/660 650 4$aCuria Romana$xStoria.$0(OLS)http://pul/subject/10982 650 0$aCardinals$xHistory.$2//eng$0(OLS)http://pul/subject/19718 650 0$aPapacy$xHistory.$2//eng$0(OLS)http://pul/subject/282 850 $aPUL 852 $aPUL$W1$xSL Diritto Canonico 1$y5$m150 D 75$j61917$nBK-PRI$b $qStampati$B61917$CPULBib$Z2$F61917 $H $81 941 1 $a8 961 $aINV: 80428 996 $6245$aOnus Apostolicae Sedis :$bCuria romana e cardinalato nei secoli XI-XV$9(OLS)http://pul/title/62184 996 $6260$aRoma :$bSintesi Informazione$9(OLS)http://pul/publisher/66374